| 000 | 00910cam a2200277 a 4500 | ||
|---|---|---|---|
| 001 | 000014699 | ||
| 005 | 20240418073804.0 | ||
| 008 | 800320s1979 sp b 001 0 spa | ||
| 015 | _aSp*** | ||
| 020 | _a8429715177 | ||
| 040 |
_aDO-SdBNP _cDLC _dDLC |
||
| 082 |
_a301 _bG492s |
||
| 100 | 1 |
_aGiner, Salvador. _d1934- _q(Salvador Giner de San Julián) _933331 |
|
| 240 | 1 | 0 |
_aMass society. _lSpanish |
| 245 | 1 | 0 |
_aSociedad masa : _bcrítica del pensamiento conservador / _cSalvador Giner. |
| 260 |
_aBarcelona : _bPenínsula, _c1979. |
||
| 300 |
_a426 p. ; _c20 cm. |
||
| 490 | 1 |
_aHistoria, ciencia, sociedad _v155 |
|
| 500 | _aTraducción de la sociedad de masas. | ||
| 504 | _aIncluye bibliografía (p. 407-426) | ||
| 650 | 0 |
_aSociología _91061 |
|
| 650 | 0 |
_aClases sociales _91062 |
|
| 830 | 0 |
_aHistoria, ciencia y sociedad ; _v155. _933332 |
|
| 910 | _aCatalogación por copia / LC | ||
| 049 | _aBNGR | ||
| 999 |
_c14282 _d14282 |
||